00348nam a22001337a 4500003000400000008004100004020001800045082001500063100001700078245006100095250000600156260004300162300000900205OSt260218b |||||||| |||| 00| 0 eng d a9789347435478 a379.54 SAE aSANAY,Vikram aEducating the Educator:The Unfinished Agenda of NEP 2020 a- aNew DelhibHar Anand Publicationc2026 a240p